| 000 | 00945cas a2200277 a 4500 | ||
|---|---|---|---|
| 008 | |||
| 020 | _a0892030577 (hbk.) | ||
| 049 | _aMAIN | ||
| 090 |
_aRD711 _bINS |
||
| 245 | 1 | 0 |
_aInstructional course lectures _nvol XLI / _cedited by Robert E. Eilert. |
| 246 | _aAmerican academy of orthopaedic surgeons. | ||
| 260 |
_aNew Jersey : _bAmerican academy of orthopaedic surgeons, _c1992. |
||
| 300 |
_a838 p. : _bill. ; _c29 cm. |
||
| 500 | _aIncludes index. | ||
| 504 | _aIncludes bibliographical references. | ||
| 650 | 0 |
_aOrthopedic surgery _vPeriodicals. |
|
| 650 | 0 |
_aOrthopedics _xStudy and teaching _vPeriodicals. |
|
| 650 | 0 |
_aOrthopedic surgery _xStudy and teaching _vPeriodicals. |
|
| 650 | 2 |
_aOrthopedics _vPeriodicals. |
|
| 700 | _aRobert E. Eilert. | ||
| 907 |
_a.b1035606x _b31-03-15 _c31-03-15 |
||
| 003 | |||
| 005 | 20230123122138.0 | ||
| 040 | _cNUST | ||
| 942 |
_cBOOKS _kRD711 _mINS |
||
| 999 |
_c128571 _d128571 |
||